Statistics for One Word (Mostly) Hint Movie Quiz

Click here to take the quiz!

General Stats

  • This quiz has been taken 4 times
  • The average score is 2 of 12

Answer Stats

HintAnswer% Correct
BusSpeed
100%
WednesdaysMean Girls
67%
PhoneScream
33%
HeelTroy
33%
BabysittingHalloween
0%
SlushieHeathers
0%
VanLittle Miss Sunshine
0%
CakeMarie Antoinette
0%
MushroomsPhantom Thread
0%
Whip ItRaising Helen
0%
JeansSisterhood of the Travelling Pants
0%
OrganizizedTaxi Driver
0%

Score Distribution

Percentile by Number Answered

Percent of People with Each Score

Your Score History

You have not taken this quiz